| 000 | 00892nam a2200253 i 4500 | ||
|---|---|---|---|
| 001 | 000026977 | ||
| 003 | DO-SdBNP | ||
| 005 | 20230829144458.0 | ||
| 007 | ta | ||
| 008 | 100218s1945 dr ad 000 | spa d | ||
| 040 |
_aDO-SdBNP _bspa _cBNPHU _erda |
||
| 049 | _aBNPD | ||
| 082 | 4 | _222 | |
| 110 | 1 |
_aRepública Dominicana. _bComisión para el estudio del informe de la Brookings institution sobre "La colonización de refugiados en la República dominicana" _935556 |
|
| 245 | 1 | 0 | _aCapacidad de la República Dominicana para absorber refugiados. |
| 264 |
_aCiudad Trujillo, República Dominicana : _bMontalvo, _c1945. |
||
| 300 |
_a120 páginas : _bilustraciones, diagramas ; _c24 cm. |
||
| 336 |
_2rdacontent _atexto _btxt |
||
| 337 |
_2rdamedia _asin mediación _bnc |
||
| 338 |
_2rdacarrier _avolumen _bn |
||
| 590 | _aInventariado, 2023/BT | ||
| 910 | _aBtavárez | ||
| 942 |
_2ddc _cLBS1 |
||
| 999 |
_c26469 _d26469 |
||